| 000 | 01208nam a22003017a 4500 | ||
|---|---|---|---|
| 005 | 20200104041627.0 | ||
| 008 | 021114s2014 ck il r 00110 spa d | ||
| 020 | _a9789587166712 (v. 1) | ||
| 040 |
_aCO-BoIAVH _cCO-BoIAVH |
||
| 041 | 0 | _aspa | |
| 044 | _ack | ||
| 082 | 0 | 4 |
_a598.2 _bR41l |
| 100 | 1 |
_aRenjifo-Martínez, Luis Miguel _925082 |
|
| 245 | 1 | 0 |
_aLibro rojo de aves de Colombia : _bVol. 1 Bosques húmedos de los Andes y la Costa Pacífica |
| 260 |
_aBogotá _bEditorial Pontificia Universidad Javeriana _bInstituto Alexander von Humboldt _c2014 |
||
| 300 |
_a465 p. _bfot. (col), mapas _c26 cm. |
||
| 504 | _aIncluye bibliografía (pag. 423-462) y perfil profesional de los autores (463-465) | ||
| 590 | _ase recibe en reposición del item perdido CID-029515 | ||
| 650 | 4 |
_aAves _xDistribución geográfica _z Colombia. _948623 |
|
| 650 | 4 |
_aOrnitología _948624 |
|
| 650 | 4 |
_aEspecies en peligro _zColombia _948625 |
|
| 650 | 2 | 4 |
_aProtección de las aves _925086 |
| 650 | 2 | 4 |
_aConservación del medio ambiente _948626 |
| 700 | 1 |
_aGómez, María Fernanda _9259 |
|
| 700 | 1 |
_aAmaya-Villarreal, Angela María _925089 |
|
| 700 | 1 |
_aVelásquez-Tibatá, Jorge Iván _9261 |
|
| 942 |
_2ddc _cLIBRO _020 |
||
| 999 |
_c8563 _d8563 |
||